00741nam a2200205 a 450000100100000000500170001000800410002704000290006808200170009710000400011424500600015426000480021430000210026265000260028365000280030965000300033791000340036795201170040199900170051800002419920200930022812.0110120s1970 it r 000 f ita d aDO-SdBNPbitcDLCdBNPHU a853.9bP667n1 aPirandello, Luigi,d1867-19369674510aNovelle per un anno :bin silenzio /cLuigi Pirandello. aVerona, Italia :bArnoldo Mondadori,c1970. a224 p. ;c18 cm. 4aNovela italiana94322 4aCuentos italianos95425 4aLiteratura italiana93329 aCatalogación por copia / LC 00105470aGRbGRcCTd2011-01-20iLF1l0o853.9 P667np24199-10r2020-06-25w2020-06-25y4ZPréstamo en sala c23693d23693